000
00332nam a22001457a 4500
003
SGT
020
_a
938426610-8
082
_a
615
_b
NAR
100
_a
NARANG, DR. JASJEET KAUR
245
_a
PHARMACEUTICS LABORATORY MANUAL
260
_a
INDIA
_b
BIRLA PUB.
_c
2025
300
_a
166
650
_a
PHARMACEUTICS
942
_2
ddc
_c
BK
999
_c
33016
_d
33016